00384 2200157 4500001002100000005001500021035002000036245003600056100001700092300002600109260003500135082000800170084001400178020002200192990001200214INLIS00000000000298020250918070408 a0010-09250003271 aTerlanjur Setia /cEvi Yulianti0 aEvi Yulianti a244 hlm ;c13 x 19 cm aJakarta :bRumah Oranye,c2014 a813 a813 EVI t a978-602-1588-66-6 a0755653